00430nam a2200157 i 450000100060000000300090000600500170001500700030003200800410003510000190007624500590009526000550015430000220020970000200023185200210025134505ES-MaACL20230906154938.0t|030207s1920 fr ||||1| fre d1 aBohn, Georges.13aLa chimic et la vie / cGeorges Bohn et Anna Drzewina. aParís : bErnest Flammarion, c1920 (fHemmerte) a270 p. ; c19 cm.1 aDrzewina, Anna. aES-MaACLjF-6419